Central Library OPAC University of Rajshahi

Economics: theory and practice / (Record no. 58141)

MARC details
000 -LEADER
fixed length control field 00701nam a2200241 a 4500
001 - CONTROL NUMBER
control field 58141
003 - CONTROL NUMBER IDENTIFIER
rucl marc code BD-RjUL
005 - DATE AND TIME OF LATEST TRANSACTION
control field 20211209080606.0
008 - FIXED-LENGTH DATA ELEMENTS--GENERAL INFORMATION
fixed length control field 161217s1965 enkac b 001 0 eng
035 ## - SYSTEM CONTROL NUMBER
System control number (BD-RjUL)58265
040 ## - CATALOGING SOURCE
Original cataloging agency DLC
Transcribing agency DLC
Modifying agency DLC
-- BD-RjUL
Language of cataloging eng
041 ## - LANGUAGE CODE
Language code of text/sound track or separate title eng
082 00 - DEWEY DECIMAL CLASSIFICATION NUMBER
Classification number 330
Edition number 23
Author mark and year ULE 1965
100 1# - MAIN ENTRY--PERSONAL NAME
Personal name Ulmer, Melville J.
Fuller form of name (Melville Jack),
Dates associated with a name 1911-
9 (RLIN) 172700
245 10 - TITLE STATEMENT
Title Economics: theory and practice /
Statement of responsibility, etc. [by] Melville J. Ulmer.
250 ## - EDITION STATEMENT
Edition statement 2d ed.
260 ## - PUBLICATION, DISTRIBUTION, ETC. (IMPRINT)
Place of publication, distribution, etc. Boston :
Name of publisher, distributor, etc. Houghton Mifflin
Date of publication, distribution, etc. c1965
300 ## - PHYSICAL DESCRIPTION
Pagination xxiv, 757 p. :
Illustrations ill. ;
Size 25 cm.
504 ## - BIBLIOGRAPHY, ETC. NOTE
Bibliography, etc Includes bibliographies.
650 #0 - SUBJECT ADDED ENTRY--TOPICAL TERM
Topical term or geographic name as entry element Economics.
9 (RLIN) 170576
942 ## - ADDED ENTRY ELEMENTS (KOHA)
Source of classification or shelving scheme Dewey Decimal Classification
Koha item type Books
Holdings
Lost status Source of classification or shelving scheme Damaged status Not for loan Collection code Permanent Location Current Location Shelving location Date acquired Source of acquisition Total Checkouts Full call number Date last seen Copy number Koha item type
  Dewey Decimal Classification   Not For Loan Non-fiction Central Library, University of Rajshahi Central Library, University of Rajshahi Reading Room 06/07/1976 Usis   330 ULE 1965 17/12/2016 C-1 Books